Normal view
MARC view
Entry Topical Term
001 - CONTROL NUMBER
- control field: 55086
003 - CONTROL NUMBER IDENTIFIER
- control field: OSt
005 - DATE AND TIME OF LATEST TRANSACTION
- control field: 20250714124532.0
008 - FIXED-LENGTH DATA ELEMENTS
- fixed length control field: 250714|| aca||aabn | a|a d
040 ## - CATALOGING SOURCE
- Original cataloging agency: OSt
- Transcribing agency: OSt
150 ## - HEADING--TOPICAL TERM
- Topical term or geographic name entry element: Perceived digital overuse (PDO), Generational cohorts, Millennial, Work-family conflict, Gender.
670 ## - SOURCE DATA FOUND
- Source citation: Work cat.: (OSt): Dash, Sasmita 55085, A conceptual analysis of technology usage and work family interface among millennials in India
